| 000 | 01446nam a2200229Ia 4500 | ||
|---|---|---|---|
| 003 | Ost | ||
| 005 | 20260507074940.0 | ||
| 008 | 260507s9999||||xx |||||||||||||| ||und|| | ||
| 020 | _a9957112546 | ||
| 040 | _cfsecg | ||
| 041 | _aara | ||
| 082 | _a651.3 | ||
| 100 |
_aشاويش، مصطفى نجيب _eمؤلف |
||
| 245 | 0 |
_aادارة المكاتب والاعمال المكتبية / _c مصطفى نجيب شاويش |
|
| 260 |
_aعمان: _bدار وائل للنشر, _c2008 |
||
| 300 |
_a396 صفحة؛ _bإيضاحات ؛ _c24 سم |
||
| 520 | _aيتناول هذا الكتاب ادارة المكاتب-الادارة والعملية الادارية-المكتب-التنظيم الاداري للمكتب-تصميم المكتب-مكننة المكتب-مكننة المكتب-النماطج المكتبية-التقارير الادارية-الاعمال المكتبية -تخطيط الاعمال المكتبية-السكرتارية وانواعها-استقبال الزائرين وتحديد المواعيد-استعمال الهاتف-الريد الوارد والبريد الصادر-الحفظ والفهرسة-الاجتماعات -ترتيبات السفر-المراسلات-العلاقات العامة-الالات والتجهيزات المكتبية- | ||
| 653 | _aادارة اعمال | ||
| 653 | _aادارة المكاتب | ||
| 653 | _aالمهارات المكتبية | ||
| 942 | _cكتاب | ||
| 999 |
_c41920 _d41920 |
||